Manual bs̀ico de revisin̤ y verificacin̤ contable

Detalles Bibliográficos
Autor principal: Lara Bueno, Mara̕ Isabel
Formato: Desconocido
Lenguaje:español
Publicado: Madrid : Dykinson, Universidad Rey Juan Carlos, 2007
Materias:
Acceso en línea:Acceso restringido

MARC

LEADER 00000ny a22000003n 4500
005 20110621112157.0
008 070925s2007 sp s 000 0 spa d
020 |a 8498490928 
035 |a 2431 
040 |a NoBUC-Mpons  |d vlex 
040 |a UMA.RE  |d vlex 
080 |a 657.6(460)(0.034) 
090 |c 1314  |d 1314 
100 1 |a Lara Bueno, Mara̕ Isabel 
245 1 0 |a Manual bs̀ico de revisin̤ y verificacin̤ contable  |h [Recurso electrn̤ico]  |c Mara̕ Isabel Lara Bueno 
256 |a Servicio en ln̕ea 
260 |a Madrid :   |b Dykinson, Universidad Rey Juan Carlos,   |c 2007 
300 |a 201 p. ;   |c 24 cm 
506 1 |a Contenido solo disponible en los productos indicados  |d vLex Global  |d vLex Global (Academic Edition, excluding Law Schools)  |d vLex Global (U.S. Academic Edition, Law Schools)  |d vLex Global (U.S. Academic Edition, excluding Law Schools)  |d vLex Global (Academic Edition, Law Schools) 
650 0 7 |a Contabilidad  |2 Tesauro vLex 
650 0 7 |a Contabilidad  |2 Tesauro vLex 
650 0 7 |a Verificacin̤ contable  |2 Tesauro vLex 
650 0 7 |a Gestin̤ contable  |2 Tesauro vLex 
740 0 |a vLex Libros (Servicios en ln̕ea) 
856 4 0 |u http://vlex.com/source/2431  |z Acceso restringido 
942 |c BOOK